[Event "Druzynowe Mistrzostwa Polski Juniorow 2018 - II Liga"]
[Site "Szczyrk"]
[Date "1899-12-30"]
[Round "1.98"]
[White "Zychlewicz, Tomasz"]
[Black "Cwiek, Ryszard"]
[Result "0-1"]
[WhiteTitle "II"]
[BlackTitle "I"]
[WhiteElo "1252"]
[BlackElo "1741"]

1. e4 Nc6 2. Nf3 d6 3. d4 Nf6 4. Nc3 g6 5. Be2 Bg7 6. O-O O-O 7. h3 h6 8. Be3 Nd7
9. Qd2 Kh7 10. Rad1 Nb6 11. a3 e6 12. Bb5 Bd7 13. Rfe1 Ne7 14. Be2 Bc6 15. Qc1
Qc8 16. b4 a6 17. Bd3 f5 18. exf5 gxf5 19. Nh2 e5 20. dxe5 dxe5 21. f3 e4 22.
fxe4 Bxc3 23. Re2 Bb5 24. Bxh6 Rf7 25. exf5 Nxf5 26. Bxf5+ Qxf5 27. Re3 Qf2+ 28.
Kh1 Bc6 29. Rg1 Bd4 30. Ree1 Rg8 31. Ng4 Rxg4 32. Ref1 Bxg2+ 33. Kh2 Qg3# 0-1

[Event "Druzynowe Mistrzostwa Polski Juniorow 2018 - II Liga"]
[Site "Szczyrk"]
[Date "1899-12-30"]
[Round "1.99"]
[White "Cwiek, Stefan"]
[Black "Baszczynski, Gabriel"]
[Result "1-0"]
[WhiteTitle "II"]
[BlackTitle "II"]
[WhiteElo "1238"]
[BlackElo "1370"]

1. c4 e6 2. g3 g6 3. Bg2 Bg7 4. d3 Ne7 5. Nc3 O-O 6. Nf3 b6 7. O-O Bb7 8. Bd2 Na6
9. a3 c5 10. Rb1 d5 11. Qa4 d4 12. Nb5 Nc7 13. Nxc7 Qxc7 14. b4 Bc6 15. Qc2 e5
16. e3 Qb7 17. Qd1 Qd7 18. exd4 exd4 19. Re1 Rae8 20. Bf4 f6 21. h4 Qf5 22. Kh2
g5 23. hxg5 Bxf3 24. Bxf3 fxg5 25. Bg4 Qf6 26. Re6 Qf7 27. Bxg5 Qxf2+ 28. Kh3
Nf5 29. Qe1 Qxe1 30. Rbxe1 Rxe6 31. Rxe6 h6 32. Bf4 Ne3 33. Bxe3 dxe3 34. Rxe3
Rd8 35. Be6+ Kh8 36. Bd5 Bf8 37. b5 Kg7 38. Rf3 Kg6 39. Re3 Rd6 40. Re8 Kg7 41.
a4 Rd7 42. g4 Re7 43. Rc8 Re3+ 44. Kg2 Kf6 45. Rxf8+ Kg5 46. Rg8+ Kh4 47. Rg6
Rxd3 48. Rxh6+ Kxg4 49. Rg6+ Kf4 50. Rf6+ Kg4 51. Rf3 Rd2+ 52. Rf2 Rd3 53. Ra2
Kf4 54. a5 Rg3+ 55. Kf2 Rh3 56. axb6 axb6 57. Ra6 Rh6 58. Ke2 Ke5 59. Ra7 Kd4
60. Rc7 Rf6 61. Rc6 Rf5 62. Rxb6 Re5+ 63. Kd2 Rf5 64. Re6 Rf2+ 65. Re2 Rf6 66.
Re4# 1-0

[Event "Druzynowe Mistrzostwa Polski Juniorow 2018 - II Liga"]
[Site "Szczyrk"]
[Date "1899-12-30"]
[Round "1.100"]
[White "Dixa, Joanna"]
[Black "Szelejewska, Maria"]
[Result "0-1"]
[WhiteTitle "I"]
[BlackTitle "I"]
[WhiteElo "1388"]
[BlackElo "1184"]

1. e4 c6 2. d4 d5 3. Qe2 g6 4. Nd2 Bg7 5. c3 Nd7 6. Ngf3 Nb6 7. g3 Bg4 8. Bg2 Nf6
9. O-O Qc7 10. Qe3 Bxf3 11. Bxf3 O-O 12. e5 Nfd7 13. e6 Nf6 14. Re1 Rae8 15. Qe2
Qd6 16. Bg2 Qxe6 17. Qxe6 fxe6 18. Rxe6 Nfd7 19. f4 Rf6 20. Re2 Kf7 21. Nf3 h6
22. b3 Re6 23. Rxe6 Kxe6 24. a4 a5 25. Ba3 Nf6 26. Bh3+ Kf7 27. Ne5+ Kg8 28. Nxg6
e6 29. Bg2 Nfd7 30. Re1 Bf8 31. Nxf8 Nxf8 32. Bxf8 Kxf8 33. Bh3 Kf7 34. Bg4 Re7
35. Re5 Nd7 36. Re2 Nf6 37. Bf3 b6 38. g4 Ne8 39. g5 hxg5 40. Bh5+ Kf6 41. Bxe8
Rxe8 42. fxg5+ Kxg5 43. Re5+ Kf6 44. h4 Rh8 45. h5 Rg8+ 46. Kf2 Rg5 47. h6 Rxe5
48. dxe5+ Kg6 49. h7 Kxh7 50. Ke3 Kg6 51. Kd4 c5+ 52. Ke3 Kf5 53. Kd3 Kxe5 54.
c4 d4 55. Kd2 Ke4 56. Ke2 d3+ 57. Kd2 Kd4 58. Kd1 Kc3 0-1

[Event "Druzynowe Mistrzostwa Polski Juniorow 2018 - II Liga"]
[Site "Szczyrk"]
[Date "1899-12-30"]
[Round "1.101"]
[White "Pawlowska, Emilia"]
[Black "Chlasta, Joanna"]
[Result "1-0"]
[WhiteTitle "II"]
[BlackTitle "IV"]
[WhiteElo "1225"]
[BlackElo "1000"]

1. e4 e5 2. Nf3 Nc6 3. Nc3 Nf6 4. Bb5 a6 5. Ba4 d5 6. exd5 Nxd5 7. d4 Nxc3 8. bxc3
exd4 9. Nxd4 Bd7 10. O-O Bd6 11. Re1+ Ne7 12. Bb3 O-O 13. Bg5 Re8 14. Qf3 Rf8
15. Qxb7 c5 16. Bxe7 Bxe7 17. Nc6 Bxc6 18. Qxc6 Re8 19. Rad1 Qc8 20. Qd7 Qxd7
21. Rxd7 Rad8 22. Ra7 Bf6 23. Rxe8+ Rxe8 24. Bxf7+ Kf8 25. Bxe8 Kxe8 26. c4 Bd8
27. Rxg7 a5 28. Rxh7 a4 29. g4 Kf8 30. f4 Kg8 31. Rd7 Ba5 32. f5 Bc3 33. Kg2 a3
34. Kf3 Bf6 35. Ke4 Kf8 36. Kd5 Ke8 37. Ke6 Bg5 38. Rg7 Kd8 39. Rxg5 Kc8 40. Rg7
Kd8 41. Rh7 Kc8 42. Kd6 Kb8 43. Kc6 Ka8 44. Kb6 Kb8 45. Rh8# 1-0

[Event "Druzynowe Mistrzostwa Polski Juniorow 2018 - II Liga"]
[Site "Szczyrk"]
[Date "1899-12-30"]
[Round "1.102"]
[White "Mazurek, Bartosz"]
[Black "Rzasa, Michal"]
[Result "1-0"]
[WhiteTitle "I"]
[BlackTitle "III"]
[WhiteElo "1733"]
[BlackElo "1000"]

1. d4 Nf6 2. Nf3 g6 3. c4 Bg7 4. Nc3 O-O 5. e4 d6 6. Be2 c5 7. d5 Bg4 8. Nd2 Bxe2
9. Qxe2 a6 10. O-O Nbd7 11. Nf3 Qc7 12. Bd2 Rfb8 13. Rab1 b6 14. a4 Rb7 15. b3
Rab8 16. h3 Nf8 17. Rfe1 N6d7 18. Qd3 Ne5 19. Nxe5 Bxe5 20. f4 Bd4+ 21. Kh1 f6
22. Ne2 e5 23. dxe6 Nxe6 24. f5 Nd8 25. Nxd4 cxd4 26. Qxd4 Qe7 27. fxg6 hxg6 28.
Rf1 Kf7 29. Bg5 Qe5 30. Rxf6+ Kg7 31. Rxd6 Qxd4 32. Rxd4 Ne6 33. Rd5 Re8 34. Be3
Kf6 35. Rf1+ Ke7 36. Kh2 Rd8 37. Rxd8 Kxd8 38. Rf6 Kd7 39. Rxg6 Nc5 40. Bxc5 bxc5
41. Rg7+ Kc6 42. Rxb7 Kxb7 43. e5 Kb6 44. e6 Ka5 45. e7 Kb4 46. Qe8 Kxb3 47. Qc6
Kxc4 48. Qxa6+ Kb3 49. Qb5+ 1-0

[Event "Druzynowe Mistrzostwa Polski Juniorow 2018 - II Liga"]
[Site "Szczyrk"]
[Date "1899-12-30"]
[Round "1.103"]
[White "Grubiak, Karol"]
[Black "Strugarek, Lukasz"]
[Result "1-0"]
[WhiteTitle "IV"]
[BlackTitle "II"]
[WhiteElo "1000"]
[BlackElo "1624"]

1. e4 c5 2. Nf3 d6 3. Bb5+ Bd7 4. Bxd7+ Qxd7 5. d3 g6 6. O-O Bg7 7. Re1 Nc6 8.
c3 Nf6 9. Na3 O-O 10. Nc2 Rac8 11. Be3 Rfd8 12. Qe2 Ng4 13. h3 Nxe3 14. Nxe3 e6
15. Rad1 d5 16. exd5 exd5 17. d4 cxd4 18. Nxd4 Nxd4 19. cxd4 Re8 20. Qg4 Qxg4
21. hxg4 Rcd8 22. Kh2 Re4 23. Nc2 Rxe1 24. Rxe1 Rc8 25. Nb4 Bxd4 26. Nxd5 Rd8
27. Nc3 Bxf2 28. Re7 Rd4 29. Rxb7 Rxg4 30. g3 Bd4 31. Nd5 Kg7 32. Rb4 Re4 33.
Kh3 g5 34. Nc3 g4+ 35. Kg2 Bxc3 36. Rxe4 Bxb2 37. Rxg4+ Kf8 38. Ra4 Ke7 39. Rxa7+
Ke6 40. Rc7 Be5 41. Rc2 Kd6 42. a4 Kd5 43. a5 Bb8 44. a6 Ke6 45. Rc8 Ba7 46. Rc7
Bd4 47. a7 Bxa7 48. Rxa7 1-0

[Event "Druzynowe Mistrzostwa Polski Juniorow 2018 - II Liga"]
[Site "Szczyrk"]
[Date "1899-12-30"]
[Round "1.104"]
[White "Kebel, Bartosz"]
[Black "Bochenek, Ryszard"]
[Result "0-1"]
[WhiteTitle "II"]
[BlackTitle "II"]
[WhiteElo "1397"]
[BlackElo "1296"]

1. d4 Nf6 2. c4 g6 3. Nc3 Bg7 4. g3 d6 5. Bg2 O-O 6. Nf3 Nbd7 7. O-O a6 8. a4 c5
9. d5 Ng4 10. Qc2 Nge5 11. b3 Nxf3+ 12. Bxf3 Ne5 13. Bg2 Rb8 14. a5 b5 15. axb6
Qxb6 16. Rb1 a5 17. Na4 Qa6 18. h3 Bd7 19. f4 Bxa4 20. fxe5 Bd7 21. exd6 exd6
22. Bf4 Rfe8 23. e4 f5 24. Kh2 h6 25. h4 Rb6 26. Bh3 Rxe4 27. g4 Qc8 28. Qd2 Rxf4
29. Rxf4 Be5 30. Kh1 Bxf4 31. Qxf4 fxg4 32. Bg2 Bf5 33. Be4 a4 34. Ra1 g3 35.
h5 Bxe4+ 0-1

[Event "Druzynowe Mistrzostwa Polski Juniorow 2018 - II Liga"]
[Site "Szczyrk"]
[Date "1899-12-30"]
[Round "1.105"]
[White "Rzasa, Mateusz"]
[Black "Sleczka, Krzysztof"]
[Result "0-1"]
[WhiteTitle "II"]
[BlackTitle "II"]
[WhiteElo "1092"]
[BlackElo "1169"]

1. e4 e5 2. Nf3 Nc6 3. Bc4 Bc5 4. d3 Nf6 5. Bg5 h6 6. Bh4 d6 7. h3 Be6 8. Bb3 Qe7
9. Nc3 g5 10. Bg3 O-O-O 11. Qe2 Rhg8 12. O-O-O Bxb3 13. cxb3 Rge8 14. Rhe1 Qe6
15. Nd5 Nxd5 16. exd5 Qxd5 17. Kb1 Bb4 18. Rf1 f5 19. Qc2 Nd4 20. Nxd4 Qxd4 21.
Rc1 Rd7 22. f3 Kb8 23. Bf2 Qd5 24. a3 Bc5 25. Be1 Be3 26. Bd2 Bxd2 27. Qxd2 Qxb3
28. Rc3 Qb5 29. Rfc1 Rc8 30. Qc2 Qd5 31. Qa4 Re7 32. Ka1 a6 33. Kb1 Qd4 34. Qa5
Rf7 35. Rb3 Qa7 36. Rc4 c6 37. Ra4 Ka8 38. Qb4 b5 39. Ra5 Qb6 40. a4 Rb7 41. Ka2
Rd8 42. axb5 cxb5 43. Qa3 Ra7 44. Qb4 Rdd7 45. Rc3 Rdc7 46. Kb3 Kb8 47. Ka3 Rxc3+
48. bxc3 Qc5 49. c4 Qxb4+ 50. Kxb4 bxc4 51. Kxc4 Rc7+ 52. Kd5 Rc5+ 53. Rxc5 dxc5
54. Kxc5 Kc7 55. Kd5 Kd7 56. Kxe5 f4 57. Kd5 a5 58. Kc4 Kc6 59. d4 a4 60. Kb4
Kd5 61. Kxa4 Kxd4 62. Kb5 Ke3 63. Kc5 Kf2 64. Kd5 Kxg2 65. Ke5 Kxf3 66. Kf5 Kg3
67. Kg6 Kxh3 68. Kxh6 f3 69. Kxg5 f2 70. Kf5 Qf1+ 71. Kg5 Qc4 72. Kh5 Qg8 73.
Kh6 Kg3 74. Kh5 Kf4 75. Kh4 Qg4# 0-1

[Event "Druzynowe Mistrzostwa Polski Juniorow 2018 - II Liga"]
[Site "Szczyrk"]
[Date "1899-12-30"]
[Round "1.106"]
[White "Skiba, Aleksandra"]
[Black "Trusz, Julia"]
[Result "1-0"]
[WhiteTitle "I+"]
[BlackTitle "I+"]
[WhiteElo "1659"]
[BlackElo "1699"]

1. e4 c6 2. d4 d5 3. Nc3 dxe4 4. Nxe4 Nd7 5. Bc4 Ngf6 6. Ng5 Nd5 7. N1f3 h6 8.
Ne4 e6 9. O-O Be7 10. c3 O-O 11. Bd3 Qc7 12. Bc2 Rd8 13. Qe2 c5 14. Be3 b6 15.
dxc5 Nxc5 16. Nxc5 bxc5 17. Qd3 Nf6 18. Qc4 Bb7 19. Bf4 Qb6 20. Rfe1 Bxf3 21.
gxf3 Bd6 22. b3 Rd7 23. Bxd6 Rxd6 24. Rad1 Rad8 25. Qe2 Qc6 26. Rxd6 Rxd6 27.
Rd1 Qd7 28. Rxd6 Qxd6 29. Qd3 Qxd3 30. Bxd3 Nd5 31. c4 Nb4 32. Bb1 a5 33. Kf1
Kf8 34. Ke2 Ke7 35. Kd2 Kd6 36. Kc3 f5 37. Kb2 Kc7 38. Kc3 g6 39. Kd2 Kd6 40.
Ke3 e5 41. f4 Nc6 42. fxe5+ Kxe5 43. f4+ Kf6 44. Bd3 g5 45. a3 gxf4+ 46. Kxf4
Nd4 47. h4 Ne6+ 48. Ke3 Ke5 49. Be2 Nd4 50. Bd1 f4+ 51. Kd3 Nf5 52. h5 Nd6 53.
Bf3 Kf5 54. b4 cxb4 55. axb4 axb4 56. c5 Nf7 57. Kd4 Ke6 58. Bd5+ Ke7 59. Ke4
Nd8 60. Kf5 Kf8 61. Kxf4 Ke7 62. Kf5 Nf7 63. Kg6 Ne5+ 64. Kxh6 Ng4+ 65. Kg7 Kd7
66. Be4 Ne5 67. h6 1-0

[Event "Druzynowe Mistrzostwa Polski Juniorow 2018 - II Liga"]
[Site "Szczyrk"]
[Date "1899-12-30"]
[Round "1.107"]
[White "Opalka, Marta"]
[Black "Kulczycka, Zofia"]
[Result "0-1"]
[WhiteTitle "III"]
[BlackTitle "II+"]
[WhiteElo "1000"]
[BlackElo "1181"]

1. e4 c5 2. Nf3 d6 3. Bb5+ Nc6 4. a3 a6 5. Bc4 Nf6 6. d3 e6 7. Nc3 Be7 8. Bf4 O-O
9. O-O b5 10. Bb3 Nd4 11. Nxd4 cxd4 12. Ne2 e5 13. Bg5 Bb7 14. Ng3 h6 15. Bd2
d5 16. Nf5 Re8 17. Qc1 Bf8 18. h3 dxe4 19. g4 exd3 20. cxd3 Rc8 21. Qb1 e4 22.
Qa2 Bd5 23. g5 Bxb3 24. Qxb3 hxg5 25. Bxg5 Qd5 26. Qxd5 Nxd5 27. Kh1 e3 28. fxe3
dxe3 29. Rg1 Re5 30. Nh6+ Kh7 31. Nxf7 Rf5 32. Nd8 e2 33. h4 Bc5 34. Rgc1 Nf4
35. d4 Nd3 36. Rc2 Rf1+ 37. Kg2 Rxa1 38. Rxe2 Rxd8 39. Bxd8 Nf4+ 40. Kf3 Nxe2
41. dxc5 Nd4+ 42. Ke4 Ne6 43. Be7 Kg6 44. Kd5 Kf7 45. Bd6 Rd1+ 46. Kc6 Rh1 47.
Kd7 Rxh4 48. c6 g5 49. c7 Nxc7 50. Bxc7 g4 51. Kc6 Rh6+ 52. Kd5 Rg6 53. Ke4 g3
54. Bxg3 Rxg3 55. Kd4 Rg5 56. Kc3 Rg4 57. Kb3 Ke6 58. Ka2 a5 59. Kb3 Rg3+ 60.
Ka2 b4 61. axb4 axb4 62. Ka1 b3 63. Kb1 Kd5 64. Kc1 Rg2 65. Kd1 Kd4 66. Ke1 Kd3
67. Kf1 Rxb2 68. Ke1 Ra2 69. Kf1 Ke3 70. Kg1 Kf3 71. Kh1 Kg3 72. Kg1 Ra1# 0-1

[Event "Druzynowe Mistrzostwa Polski Juniorow 2018 - II Liga"]
[Site "Szczyrk"]
[Date "1899-12-30"]
[Round "2.1"]
[White "Karpus, Michal"]
[Black "Kukula, Karol"]
[Result "1-0"]
[WhiteTitle "FM"]
[BlackTitle "I"]
[WhiteElo "2364"]
[BlackElo "1741"]

1. e4 d5 2. exd5 Qxd5 3. Nc3 Qd8 4. d4 Nf6 5. Nf3 Bg4 6. h3 Bxf3 7. Qxf3 c6 8.
Be3 e6 9. O-O-O Be7 10. Kb1 Nbd7 11. Bd3 O-O 12. g4 Nd5 13. Nxd5 cxd5 14. h4 Nb6
15. g5 f5 16. gxf6 Rxf6 17. Qh5 g6 18. Rdg1 Qe8 19. Qg4 Nc4 20. Bg5 Rf7 21. h5
Bxg5 22. Qxg5 Rg7 23. hxg6 hxg6 24. Qh6 Kf7 25. Bxg6+ Rxg6 26. Qxg6+ Ke7 27. Rh7+
Kd6 28. Qg3+ 1-0

[Event "Druzynowe Mistrzostwa Polski Juniorow 2018 - II Liga"]
[Site "Szczyrk"]
[Date "1899-12-30"]
[Round "2.2"]
[White "Tustanowski, Mateusz"]
[Black "Poltorak, Sebastian"]
[Result "0-1"]
[WhiteTitle "I++"]
[BlackTitle "I"]
[WhiteElo "2078"]
[BlackElo "1810"]

1. e4 c5 2. Nf3 Nc6 3. d4 cxd4 4. Nxd4 Nf6 5. Nc3 e5 6. Ndb5 d6 7. Bg5 a6 8. Na3
b5 9. Nd5 Be7 10. Bxf6 Bxf6 11. Be2 O-O 12. O-O Bg5 13. c3 g6 14. Nc2 Be6 15.
a4 bxa4 16. Rxa4 f5 17. exf5 gxf5 18. f4 Bh6 19. Rxa6 Rxa6 20. Bxa6 Kh8 21. Bc4
Bxf4 22. Rxf4 exf4 23. Nd4 Bxd5 24. Bxd5 Ne5 25. Qh5 Qa5 26. Ne6 Qa1+ 27. Kf2
Qxb2+ 28. Qe2 Ng4+ 0-1

[Event "Druzynowe Mistrzostwa Polski Juniorow 2018 - II Liga"]
[Site "Szczyrk"]
[Date "1899-12-30"]
[Round "2.3"]
[White "Meers, Hubert"]
[Black "Pisarek, Elzbieta"]
[Result "1/2-1/2"]
[WhiteTitle "I+"]
[BlackTitle "I"]
[WhiteElo "1808"]
[BlackElo "1498"]

1. e4 c5 2. Nf3 e6 3. d4 cxd4 4. Nxd4 Nf6 5. Nc3 Nc6 6. Ndb5 Bb4 7. a3 Bxc3+ 8.
Nxc3 d5 9. exd5 Nxd5 10. Nxd5 exd5 11. Be2 O-O 12. O-O d4 13. Bf4 Qf6 14. Qd2
h6 15. Rad1 Bf5 16. Bg3 Rfd8 17. Bd3 Rac8 18. Rfe1 Bxd3 19. Qxd3 Re8 20. Re4 Re6
21. f3 Rce8 22. Bf2 Rxe4 23. fxe4 Rd8 24. Qf3 Qe6 25. Qf5 Qxf5 26. exf5 Rd5 27.
g4 h5 28. h3 hxg4 29. hxg4 Ne5 30. Kg2 Nxg4 31. Rxd4 Rxd4 32. Bxd4 a6 33. Kg3
Nh6 34. Kf4 f6 35. c4 Kf7 36. c5 Ng8 37. Bc3 Ne7 38. Bd2 Nc6 39. b4 Ke7 40. a4
Ne5 41. Bc3 Nc6 42. b5 Nb8 43. Ba5 Kd7 44. Bb6 axb5 45. axb5 Kc8 46. c6 bxc6 47.
bxc6 Nxc6 48. Bc5 Kd7 49. Bf8 Ke8 50. Ke4 1/2-1/2

[Event "Druzynowe Mistrzostwa Polski Juniorow 2018 - II Liga"]
[Site "Szczyrk"]
[Date "1899-12-30"]
[Round "2.4"]
[White "Pisarek, Jan"]
[Black "Zabrzanska, Weronika"]
[Result "1-0"]
[WhiteTitle "II"]
[BlackTitle "I++"]
[WhiteElo "1339"]
[BlackElo "1570"]

1. e4 e5 2. Nf3 Nc6 3. Nc3 Nf6 4. Bb5 Nd4 5. Nxd4 exd4 6. e5 dxc3 7. exf6 Qxf6
8. dxc3 Be7 9. Be3 c6 10. Be2 O-O 11. O-O d5 12. Re1 Bf5 13. Bd3 Bxd3 14. Qxd3
Bd6 15. Bd4 Qf4 16. g3 Qg4 17. Kg2 a6 18. Qe3 Qf5 19. Re2 Qd7 20. Rae1 f6 21.
Qe6+ Qxe6 22. Rxe6 Rad8 23. f4 Kf7 24. f5 Rd7 25. Kf2 Bc7 26. Bc5 Rfd8 27. Re7+
Rxe7 28. Rxe7+ Kg8 29. Rxc7 h6 30. Rxb7 Re8 31. Bd4 a5 32. Rc7 Rb8 33. b3 a4 34.
Rxc6 axb3 35. cxb3 Ra8 36. a4 1-0

[Event "Druzynowe Mistrzostwa Polski Juniorow 2018 - II Liga"]
[Site "Szczyrk"]
[Date "1899-12-30"]
[Round "2.5"]
[White "Leczek, Weronika"]
[Black "Wojcik, Jagoda"]
[Result "0-1"]
[WhiteTitle "k"]
[BlackTitle "I++"]
[WhiteElo "1832"]
[BlackElo "1599"]

1. e4 c5 2. Nf3 a6 3. Nc3 b5 4. d4 cxd4 5. Nxd4 e6 6. a3 Ne7 7. Bg5 Qc7 8. Ndxb5
axb5 9. Nxb5 Qc6 10. Nd6+ Kd8 11. Nxf7+ Ke8 12. Nxh8 Qxe4+ 13. Qe2 Qxe2+ 14. Bxe2
g6 15. Bf6 Nd5 16. Bf3 Bb7 17. Bxd5 Bxd5 18. O-O Be7 19. Bg7 Bf8 20. Bc3 Nc6 21.
Rfe1 Bh6 22. Rad1 Kf8 23. b3 Ne7 24. Bb4 Bc6 25. Rd3 Bg7 26. Rh3 Bxh8 27. Rxh7
Bf6 28. Re3 Re8 29. Bxe7+ Rxe7 30. Rxe7 Bxe7 31. b4 Kf7 32. f3 d5 33. Rc3 Ba4
34. Rc7 Kf6 35. g3 Bd6 36. Rc8 d4 37. Kf2 Ke7 38. Ke1 Kd7 39. Rg8 Bxc2 40. Kd2
Bb1 41. Kc1 Bf5 42. Kd1 Ke7 43. g4 Bb1 44. Kc1 Ba2 45. Rxg6 Bf4+ 46. Kc2 Kf7 0-1

[Event "Druzynowe Mistrzostwa Polski Juniorow 2018 - II Liga"]
[Site "Szczyrk"]
[Date "1899-12-30"]
[Round "2.6"]
[White "Bialek, Alicja"]
[Black "Slusarczyk, Milena"]
[Result "0-1"]
[WhiteTitle "I"]
[BlackTitle "I+"]
[WhiteElo "1308"]
[BlackElo "1422"]

1. e4 c5 2. Nf3 a6 3. c3 d5 4. exd5 Qxd5 5. c4 Qd6 6. Nc3 e6 7. b3 Nf6 8. Bb2 Nc6
9. Be2 Be7 10. O-O O-O 11. d3 b6 12. Qd2 Bb7 13. Rad1 Rad8 14. Rfe1 h6 15. Bf1
Ng4 16. Ne4 Qc7 17. h3 Nge5 18. Nxe5 Nxe5 19. Nxc5 Nf3+ 20. gxf3 Bxc5 21. Be5
Qe7 22. Bg2 f6 23. Bc3 e5 24. b4 Bd4 25. Bxd4 Rxd4 26. Qc3 Qd7 27. Qb3 Kh8 28.
a4 Rd8 29. Re3 Bc6 30. b5 axb5 31. axb5 Bb7 32. Qc3 Qd6 33. Qe1 Rxc4 34. dxc4
Qxd1 35. Qxd1 Rxd1+ 36. Kh2 Rc1 37. Rd3 Rxc4 38. Rd6 Rc3 39. Rxb6 Bxf3 40. Rb8+
Kh7 41. b6 Bxg2 42. Kxg2 Rb3 43. f3 Kg6 44. Kg3 e4 45. Kf2 Rxf3+ 46. Kg2 Rb3 47.
Rb7 f5 48. Rb8 Kg5 49. Rb7 g6 50. Rb8 Kf4 51. Kg1 Kg3 52. Kf1 Kxh3 53. Rh8 Rxb6
54. Rxh6+ Kg3 55. Ke1 f4 56. Rh7 f3 57. Re7 f2+ 58. Ke2 Rb2+ 59. Kf1 Rb1+ 60.
Ke2 Qf1+ 0-1

[Event "Druzynowe Mistrzostwa Polski Juniorow 2018 - II Liga"]
[Site "Szczyrk"]
[Date "1899-12-30"]
[Round "2.7"]
[White "Miasik, Adrian"]
[Black "Luczak, Filip"]
[Result "0-1"]
[WhiteTitle "I++"]
[BlackTitle "CM"]
[WhiteElo "1918"]
[BlackElo "2044"]

1. d4 c5 2. Nf3 Nf6 3. g3 g6 4. Bg2 Bg7 5. O-O cxd4 6. Nxd4 O-O 7. c3 d5 8. Nd2
e5 9. N4b3 Nc6 10. Nf3 Qe7 11. e4 Rd8 12. exd5 Rxd5 13. Qe2 Bf5 14. Rd1 Rxd1+
15. Qxd1 Rd8 16. Qe1 Nd5 17. Be3 Nxe3 18. Qxe3 Be6 19. Nfd2 f5 20. Nc5 Bf7 21.
Bxc6 bxc6 22. Ndb3 f4 23. Qe2 Bd5 24. Ne4 Rf8 25. Nbd2 Bh6 26. Re1 Qf7 27. c4
f3 28. Qd3 Be6 29. b3 Qf5 30. Qf1 Rd8 31. Rd1 Rd4 32. c5 Bd5 33. Nd6 Qc2 34. Re1
Rxd2 35. h4 0-1

[Event "Druzynowe Mistrzostwa Polski Juniorow 2018 - II Liga"]
[Site "Szczyrk"]
[Date "1899-12-30"]
[Round "2.8"]
[White "Grzesik, Gracjan"]
[Black "Ciasnocha, Michal"]
[Result "0-1"]
[WhiteTitle "I"]
[BlackTitle "I"]
[WhiteElo "1884"]
[BlackElo "1723"]

1. c4 e6 2. Nc3 d5 3. cxd5 exd5 4. d4 Nf6 5. Bg5 Be7 6. Qc2 Na6 7. a3 c6 8. e3
Nc7 9. Bd3 h6 10. Bh4 O-O 11. h3 Re8 12. Nge2 Ne4 13. Bg3 Nxg3 14. Nxg3 c5 15.
dxc5 Bxc5 16. O-O-O Be6 17. Kb1 Rc8 18. Nge2 b5 19. Bf5 Qe7 20. Bxe6 fxe6 21.
Qb3 a5 22. Rc1 a4 23. Qc2 Na6 24. Nxb5 Qb7 25. Nec3 Be7 26. Qxa4 Rc4 27. Qd1 Rb8
28. Qe2 Nc5 29. Rc2 Qa6 30. Rhc1 Nb3 31. Rd1 Bf6 32. f3 Nc5 33. e4 Bxc3 34. Nxc3
Qxa3 35. Qe1 d4 36. Qe2 Rxc3 37. Rxc3 Qxc3 38. Rc1 Na4 39. Rc2 d3 40. Rxc3 Nxc3+
41. Kc1 dxe2 0-1

[Event "Druzynowe Mistrzostwa Polski Juniorow 2018 - II Liga"]
[Site "Szczyrk"]
[Date "1899-12-30"]
[Round "2.9"]
[White "Babiarz, Arkadiusz"]
[Black "Majewski, Krzysztof"]
[Result "0-1"]
[WhiteTitle "I++"]
[BlackTitle "II+"]
[WhiteElo "1810"]
[BlackElo "1695"]

1. e4 e6 2. d4 d5 3. exd5 exd5 4. Nf3 Bd6 5. Bb5+ c6 6. Bd3 Ne7 7. O-O O-O 8. Nbd2
Bf5 9. Bxf5 Nxf5 10. b3 Nd7 11. c4 Nf6 12. Qc2 Ne7 13. Bb2 Ng6 14. g3 Re8 15.
Rfe1 Rxe1+ 16. Rxe1 Bb4 17. a3 Bxd2 18. Nxd2 Qd7 19. Kg2 h5 20. a4 h4 21. Qd3
Re8 22. Rxe8+ Qxe8 23. Qe3 Qd7 24. Ba3 Ng4 25. Qe2 h3+ 26. Kg1 dxc4 27. Qxc4 b6
28. Ne4 b5 29. Qc5 Qe6 30. f3 Qxb3 31. fxg4 Qe3+ 32. Kf1 Qxe4 33. axb5 cxb5 34.
d5 Qh1+ 35. Ke2 Qxh2+ 36. Kd1 Qh1+ 37. Kc2 Qe4+ 38. Kb3 h2 0-1

[Event "Druzynowe Mistrzostwa Polski Juniorow 2018 - II Liga"]
[Site "Szczyrk"]
[Date "1899-12-30"]
[Round "2.10"]
[White "Wolaniecki, Patryk"]
[Black "Biesiadecki, Adam"]
[Result "1/2-1/2"]
[WhiteTitle "I"]
[BlackTitle "II"]
[WhiteElo "1713"]
[BlackElo "1415"]

1. e4 c5 2. Nf3 Nc6 3. d4 cxd4 4. Nxd4 Nf6 5. Nc3 g6 6. Be3 Bg7 7. Be2 O-O 8. O-O
d6 9. f4 a6 10. a4 Bd7 11. h3 Qc7 12. Nb3 Rad8 13. a5 Rde8 14. Bf3 Kh8 15. Na4
Nb4 16. c3 Bxa4 17. Rxa4 Nc6 18. Bb6 Qc8 19. Nd4 Nxd4 20. Bxd4 Nd7 21. Bxg7+ Kxg7
22. Qd4+ Kg8 23. Rc4 Nc5 24. b4 Ne6 25. Rxc8 Nxd4 26. Rc7 Nb5 27. Rxb7 Nxc3 28.
Ra7 Rb8 29. Rxe7 Rxb4 30. Ra7 Nxe4 31. Rxa6 Nd2 32. Rf2 Rb1+ 33. Kh2 Nf1+ 1/2-1/2

[Event "Druzynowe Mistrzostwa Polski Juniorow 2018 - II Liga"]
[Site "Szczyrk"]
[Date "1899-12-30"]
[Round "2.11"]
[White "Polak, Sylwia"]
[Black "Trembowiecka-wysota, Aleksandra"]
[Result "0-1"]
[WhiteTitle "I"]
[BlackTitle "I"]
[WhiteElo "1519"]
[BlackElo "1555"]

1. d4 c5 2. d5 Nf6 3. c4 e6 4. Nc3 exd5 5. cxd5 d6 6. e4 g6 7. Bd3 Bg7 8. Nf3 Bg4
9. h3 Bxf3 10. Qxf3 Nbd7 11. O-O O-O 12. Bg5 Ne5 13. Qe2 Qb6 14. Rab1 Rac8 15.
Kh1 Nxd3 16. Qxd3 c4 17. Qc2 Rfe8 18. f3 Qc5 19. Qf2 Qa5 20. a4 a6 21. Qg3 Nh5
22. Qh4 h6 23. Bd2 Bf6 24. Qf2 Qd8 25. g3 Kh7 26. Ne2 b5 27. axb5 axb5 28. g4
Ng7 29. Qe3 g5 30. h4 Qe7 31. Ng3 Be5 32. Ne2 Bf6 33. Kg2 Rh8 34. Rh1 Kg8 35.
hxg5 hxg5 36. Rxh8+ Kxh8 37. Rh1+ Kg8 38. f4 gxf4 39. Qh3 Qxe4+ 40. Kf1 Kf8 41.
g5 Re8 42. Qh8+ Ke7 43. gxf6+ Kd7 44. Qh3+ Kc7 45. fxg7 Qxe2+ 46. Kg1 Qxd2 47.
Qg2 Qe1+ 48. Qf1 Qg3+ 0-1

[Event "Druzynowe Mistrzostwa Polski Juniorow 2018 - II Liga"]
[Site "Szczyrk"]
[Date "1899-12-30"]
[Round "2.12"]
[White "Bienko, Jagoda"]
[Black "Krzanowska, Liliana"]
[Result "1-0"]
[WhiteTitle "I"]
[BlackTitle "I"]
[WhiteElo "1436"]
[BlackElo "1000"]

1. d4 d6 2. c4 Nf6 3. Nf3 g6 4. g3 Bg7 5. Bg2 O-O 6. O-O c5 7. Nc3 Nfd7 8. e4 cxd4
9. Nxd4 Nc5 10. Be3 a6 11. b4 Ne6 12. Nce2 Nc6 13. Nxc6 bxc6 14. Rc1 Rb8 15. Qa4
c5 16. bxc5 dxc5 17. Rfd1 Qc7 18. Bd2 Qd7 19. Qxd7 Bxd7 20. Rb1 Nd4 21. Nc3 Bg4
22. Rdc1 Bf3 23. Kf1 Bxg2+ 24. Kxg2 Rfd8 25. Nd5 Kf8 26. Ba5 Rdc8 27. Nb6 Nc6
28. Nxc8 Rxc8 29. Bc3 Bh6 30. Rd1 e6 31. Rd7 Rd8 32. Rbb7 Rxd7 33. Rxd7 Ke8 34.
Rc7 Nd4 35. Rxc5 Ne2 36. Bf6 Kf8 37. Rc8# 1-0

[Event "Druzynowe Mistrzostwa Polski Juniorow 2018 - II Liga"]
[Site "Szczyrk"]
[Date "1899-12-30"]
[Round "2.13"]
[White "Lis, Mateusz"]
[Black "Nowak, Mikolaj"]
[Result "1/2-1/2"]
[WhiteTitle "k"]
[BlackTitle "I++"]
[WhiteElo "2102"]
[BlackElo "2015"]

1. e4 e5 2. Nf3 Nc6 3. Bb5 Nf6 4. Bxc6 bxc6 5. d3 d6 6. h3 g6 7. Nbd2 Bg7 8. Nf1
O-O 9. Ng3 c5 10. b3 Rb8 11. O-O Ne8 12. Rb1 Bd7 13. Nh2 Qh4 14. Qe1 Qe7 15. Bd2
f5 16. exf5 Bxf5 17. f4 Qd7 18. Nxf5 Rxf5 19. Qh4 Qd8 20. Qxd8 Rxd8 21. fxe5 Rxf1+
22. Rxf1 Bxe5 23. Ng4 Bg7 24. Bg5 Rc8 25. Re1 h5 26. Nh6+ Bxh6 27. Bxh6 Ng7 28.
Bxg7 Kxg7 29. Re7+ Kf6 30. Rh7 Ke5 31. c3 a5 32. Kf2 a4 33. bxa4 Ra8 34. Rxc7
Rxa4 35. Re7+ Kd5 36. Re2 Ra3 37. Rc2 c4 38. Ke3 cxd3 39. Kxd3 Kc5 40. Re2 d5
41. Re6 g5 42. Re5 g4 43. Rxh5 Rxa2 44. Rg5 Rxg2 45. Rxg4 Rh2 46. Rh4 Rh1 47.
Rh8 Rh2 48. h4 Rh3+ 49. Kc2 Kc4 50. Rc8+ Kb5 51. Rb8+ Kc5 52. Rb4 Rh2+ 53. Kb3
Rh3 54. Ra4 Kb5 55. Rg4 Kc5 56. Rf4 Rh2 57. Rg4 1/2-1/2

[Event "Druzynowe Mistrzostwa Polski Juniorow 2018 - II Liga"]
[Site "Szczyrk"]
[Date "1899-12-30"]
[Round "2.14"]
[White "Leskiewicz, Ignacy"]
[Black "Bachor, Tomasz"]
[Result "1-0"]
[WhiteTitle "I+"]
[BlackTitle "I"]
[WhiteElo "1856"]
[BlackElo "1844"]

1. e4 c5 2. Nf3 g6 3. d4 cxd4 4. Nxd4 Bg7 5. Nc3 Nc6 6. Be3 Nf6 7. Bc4 d6 8. f3
O-O 9. Qd2 Bd7 10. O-O-O Na5 11. Bb3 Nxb3+ 12. Nxb3 b5 13. h4 h5 14. g4 hxg4 15.
h5 Nxh5 16. fxg4 Ng3 17. Qh2 Nxh1 18. Rxh1 f6 19. g5 Kf7 20. gxf6 exf6 21. Qxd6
Be6 22. Qa6 Qc8 23. Qxb5 Rb8 24. Qa5 Bxb3 25. axb3 a6 26. Bf4 Ra8 27. Nd5 Ra7
28. Be3 Rb7 29. Qxa6 Rxb3 30. Qa2 Rb7 31. Nc7+ Ke7 32. Bc5+ Kd7 33. Qe6+ 1-0